Normal view MARC view
  • कासखेडीकर, नयना देशपांडे, विनिता

Entry Personal Name

Number of records used in: 1

001 - CONTROL NUMBER

  • control field: 216389

003 - CONTROL NUMBER IDENTIFIER

  • control field: OSt

005 - DATE AND TIME OF LATEST TRANSACTION

  • control field: 20260121165309.0

008 - FIXED-LENGTH DATA ELEMENTS

  • fixed length control field: 260121|| aca||aabn | a|a d

040 ## - CATALOGING SOURCE

  • Original cataloging agency: OSt
  • Transcribing agency: OSt

100 ## - HEADING--PERSONAL NAME

  • Personal name: कासखेडीकर, नयना देशपांडे, विनिता

670 ## - SOURCE DATA FOUND

  • Source citation: Work cat.: (OSt)369962: कासखेडीकर, नयना देशपांडे, विनिता, स्फुर्तीदायक स्मारके, 2022